Greatest Movies of All Time - Statistics

General Stats
  • This quiz has been taken 195 times
  • The average score is 5 of 15
Answer Stats
No. Answer % Correct
2 The Godfather
83%
1 The Shawshank Redemption
67%
4 The Godfather Part II
53%
3 The Dark Knight
47%
8 Pulp Fiction
42%
9 The Lord of the Rings: The Fellowship of the Ring
36%
7 The Lord of the Rings: The Return of the King
36%
11 Forrest Gump
34%
12 Fight Club
30%
14 Inception
29%
5 12 Angry Men
25%
6 Schindler's List
23%
10 The Good, the Bad and the Ugly
13%
13 The Lord of the Rings: The Two Towers
2%
15 Star Wars: The Empire Strikes Back
1%
No matching quizzes found
Score Distribution
Percent of People with Each Score
Percentile by Number Answered
Your Score History
You have not taken this quiz